Statistics for Countries with High-Altitude Cities

Click here to take the quiz!

General Stats

  • This quiz has been taken 111 times
  • The average score is 15 of 21

Answer Stats

CitiesCountry% Correct
5China
98%
2United States
97%
1India
96%
1Pakistan
93%
1Peru
93%
13Mexico
90%
2Bolivia
89%
2Colombia
89%
1Ecuador
84%
1Afghanistan
78%
5Iran
78%
1Kenya
74%
1Ethiopia
72%
1South Africa
72%
3D.R. Congo
65%
1Guatemala
61%
1Rwanda
49%
1Yemen
38%
1Eritrea
34%
2Saudi Arabia
34%
2Angola
29%

Score Distribution

Percentile by Number Answered

Percent of People with Each Score

Your Score History

You have not taken this quiz